000
00317nam a2200121Ia 4500
008
150731s2013 xx 000 0 und d
082
_a
615.538
_b
A 13 S
100
_a
SHREE VASTAV,SELJA
245
_a
AYURVEDEY PDARTH VEGAYAN VEGYAN
260
_b
CHAUKHAMBHA PUB. NEW DELHI
_c
2013
300
_a
360
942
_2
ddc
_c
BK
_0
9
999
_c
7700
_d
7700